Logo BPK

Biblioteka

Politechniki Koszalińskiej

Mosty tymczasowe / (Rekord nr 3898)

Szczegóły MARC
000 -ETYKIETA REKORDU
podpole kontrolne o stałej długości 00455nam a2200169 i 4500
001 - NUMER KONTROLNY REKORDU
pole kontrolne bg
040 ## - ŹRÓDŁO KATALOGOWANIA
Instytucja, która utworzyła rekord BPK
041 ## - KOD JĘZYKA
Kod języka tekstu pol
080 ## - UNIWERSALNA KLASYFIKACJA DZIESIĘTNA - UKD
UKD 624.2/.8(075.8)
008 - POLE O STAŁEJ DŁUGOŚCI - DANE KONTROLNE
podpole kontrolne o stałej długości s pl f |000 0 pol
100 1# - NAZWA OSOBOWA
Nazwa osobowa CZUDEK, Henryk
245 #0 - TYTUŁ/ODPOWIEDZIALNOŚĆ
Tytuł Mosty tymczasowe /
Pozostałe elementy strefy tytułu i oznaczenia odpowiedzialności H. Czudek, A.W. Błaszczykowski, A.J. Witkowski.
260 ## - STREFA ADRESU WYDAWNICZEGO
Miejsce wydania Warszawa,
Data publikacji, dystrybucji/powstania dokumentu 1988.
700 1# - HASŁO DODATKOWE - NAZWA OSOBOWA
Nazwa osobowa BŁASZCZYKOWSKI, Andrzej Wojciech
700 1# - HASŁO DODATKOWE - NAZWA OSOBOWA
Nazwa osobowa WITKOWSKI, Aleksander Jacek
856 ## - LOKALIZACJA I DOSTĘP DO ELEKTRONICZNYCH DOKUMENTÓW ZDALNYCH
Link (URL) http://koha.tu.koszalin.pl/cgi-bin/koha/opac-detail.pl?biblionumber=3898
Tekst linku Katalog online BPK
942 ## - DODATKOWE ELEMENTY (KOHA)
Typ dokumentu Książka
Egzemplarze
Wycofany Status egzemplarza Uszkodzony Dostępność Lokalizacja stała Lokalizacja bieżąca Miejsce przechowywania Sygnatura Kod kreskowy Typ dokumentu
      Dostępny Biblioteka Politechniki Koszalińskiej Biblioteka Politechniki Koszalińskiej Wypożyczalnia BG P 38660 02003092 Książka
© 2023 Biblioteka Politechniki Koszalińskiej :: KOHA